El viejo de la biblioteca /

Don Alfonso llega al Comedor Angelito y todos lo miran incrédulo porque se interesa por la vieja biblioteca que está cerrada desde hace varios años. Sin embargo, lo que nadie sospecha es que, junto con el viejo, llega una historia muy lejana que los atrapará en sus redes.

Guardado en:
Autor Principal: Méndez, Mario.
Otros Autores: Firszt, Alejandro ; il.
Formato: Libro
Idioma:Undetermined
Publicado: Buenos Aires : Edelvives, 2019.
Edición:1a ed. 5a reimp.
Series:Ala delta. Verde: Lectores avanzados ; 13
Materias:
Etiquetas: Agregar Etiqueta
Sin Etiquetas, Sea el primero en etiquetar este registro!
LEADER 01095nam a22002535a 4500
001 CEM.cems020745
008 231212s2019####ag############000#0#und#d
005 20231212181936.0
245 1 0 |a El viejo de la biblioteca /  |c Mario Méndez ; ilustrado por Alejandro Firszt. 
250 |a 1a ed. 5a reimp. 
260 |a Buenos Aires :  |b Edelvives,  |c 2019. 
300 |a 136 p. 
490 1 |a Ala delta. Verde: Lectores avanzados ;  |v 13 
500 |a A partir de los 10 años. 
520 |a Don Alfonso llega al Comedor Angelito y todos lo miran incrédulo porque se interesa por la vieja biblioteca que está cerrada desde hace varios años. Sin embargo, lo que nadie sospecha es que, junto con el viejo, llega una historia muy lejana que los atrapará en sus redes. 
020 |a 9789876420648 
100 1 |a Méndez, Mario. 
700 1 |a Firszt, Alejandro ; il. 
653 |a Novela juvenil 
653 |a Literatura argentina 
653 |a Novela argentina 
653 |a Literatura juvenil 
653 |a Literatura infantil y juvenil 
859 |a CEMS  |b BIB. CEMS - Inicial y Primaria  |h A863.4  |i M699  |k IP  |p 6750  |t Ej.1